00871nam a2200265 a 45000010008000000030006000080050017000140080041000310100017000720200022000890400018001110410011001290500021001400820017001611000025001782400048002032450098002512600062003493000021004115000055004325000022004875040030005096100032005396500034005714279906GBCCL20241126110354.0870824t19851984ctu b 001 0 eng  a 85051083  a0896222721 (pbk.) aDLCcDLCdDLC1 aengdut00aBT902b.W35 198500a236219bWAL1 aWalle, A. R. van de.10aTot het aanbreken van de dageraad.lEnglish10aFrom darkness to the dawn :bhow belief in the afterlife affects living /cA.R. van de Walle. aMystic, Conn. :bTwenty-Third Publications,c1985, c1984. a261 p. ;c22 cm. aTranslation of: Tot het aanbreken van de dageraad. aIncludes indexes. aBibliography: p. 227-247.20aCatholic ChurchxDoctrines. 0aFuture lifexCatholic Church.